000 00794nam a2200205 a 4500
001 000041188
005 20201002034706.0
008 130925s1988 sp 001 0 spa d
020 _a8400068505
040 _aDO-SdBNP
_bspa
_cBNPHU
100 1 _aDomínguez Caparrós, José
_915434
245 1 0 _aContribución a la bibliografía de los últimos treinta años sobre la métrica española /
_cpor Mariano García Ruipérez.
260 _aMadrid :
_bInstituto de Filología,
_c1988.
300 _a74 p. ;
_c24 cm.
490 1 _aCuadernos bibliográficos ;
_v50
500 _aIncluye índice
504 _aIncluye referencias bibliográficas y notas al pie de las páginas
710 2 _aConsejo Superior de Investigaciones Científicas
_94786
830 0 _aCuadernos bibliográficos ;
_n50
_967755
999 _c40678
_d40678